Journal of Business & Finance Librarianship

Na minha lista:
Detalhes bibliográficos
Formato: Periódico
Idioma:inglês
Publicado em: Binghamton Haworth Press
Assuntos:
Tags: Adicionar Tag
Sem tags, seja o primeiro a adicionar uma tag!

MARC

LEADER 00000nas1a2200000 4500
001 s124290
005 20250701092116.8
022 |a 0896-3568 
022 |a 1547-0644 
041 0 |a eng 
044 |a US 
245 1 0 |a Journal of Business & Finance Librarianship 
264 1 |a Binghamton  |b Haworth Press 
610 2 0 |a financovanie 
610 2 0 |a školstvo 
610 2 0 |a podnikanie